00369pab a2200121 454500008004000000100001700040245008600057260000900143300001400152362000800166650002500174773004800199180718b2001 xxu||||| |||| 00| 0 eng d aGregar, Ales aA parametric model of the competitive abilities of firms and personnel management c2001 ap.225-37. aOct aPersonnel management aPrestige Journal of Management and Research